LEADER 00914cam0 2200277 450 001 000004312 005 20090205110934.0 010 $a1-84064-672-1 100 $a20021108d2002----km-y0itay50------ba 101 0 $aeng 102 $aGB 105 $aa-------001zy 200 1 $aIndustrial location economics$fedited by Philip McCann 210 $aCheltenham$aNorthampton$cEdward Elgar$dc2002 215 $aXVII, 372 p.$cgraf. e tab.$d24 cm 300 $aScritti di autori vari. 500 10$aIndustrial location economics$960387 610 1 $aEconomia e politica industriale 610 1 $aIndustria$aLocalizzazione 676 $a338.6042$v19$9Organizzazione della produzione. Localizzazione 702 1$aMcCann,$bPhilip$4070 801 0$aIT$bUNIPARTHENOPE$gRICA$2UNIMARC 912 $a000004312 951 $a616/40.$b9875$cNAVA2$d20021108 996 $aIndustrial location economics$960387 997 $aUNIPARTHENOPE LEADER 03106 am 22005053u 450 001 9910137164603321 005 20230621140748.0 010 $z9780692350492$b(paperback) 024 7 $a10.21983/P3.0091.1.00 035 $a(CKB)3710000000534157 035 $a(OAPEN)1004565 035 $a(oapen)https://directory.doabooks.org/handle/20.500.12854/34125 035 $a(EXLCZ)993710000000534157 100 $a20200123h20152015 fy 101 0 $amul 135 $aurmu#---auuuu 181 $ctxt$2rdacontent 182 $cc$2rdamedia 183 $acr$2rdacarrier 200 00$aLapidari 2 /$fedited by, redaktuar nga Vincent W.J. van Gerven Oei ; images by, pamje nga Marco Mazzi 210 $aBrooklyn, NY$cpunctum books$d2015 210 1$aBrooklyn, NY :$cpunctum books,$d2015. 210 4$dİ2015 215 $a1 online resource (336 pages) $cillustrations; PDF, digital file(s) 311 08$aPrint version: 9780692350492 330 $aIn June and July 2014, philologist Vincent W.J. van Gerven Oei and photographer Marco Mazzi undertook the Albanian Lapidar Survey, a project to map, document, and photograph the large majority of Albanian lapidars, a particular type of monument, mainly produced in the period that the communist Labor Party of Albania ruled the country (1945?1990) to commemorate the partisan victims, battles, and military units from the National Anti-Fascist Liberation War (which coincided with World War II), as well as historical figures from before the liberation and the accomplishments of socialism in Albania afterward. These lapidars, which can still be found, albeit in ever decreasing numbers, all over the country ? in cities and villages, alongside roads, in forests and on mountain passes ? are witness to an enormous expenditure of labor and resources to turn the landscape into a site of what was called ?monumental propaganda.? The Albanian Lapidar Survey aimed to capture these monuments as fact. The results of this project are collected into a three-volume, dual-language (English and Albanian) catalogue, under the title Lapidari. The first volume comprises a series of critical reflections on Albanian monumentality of the period 1945?1990 from a variety of perspectives, as well as historical documents and a full indexation of all inscriptions found on the documented monuments. Volume 2 and Volume 3 feature the photographic documentation of all 649 recorded monumental sites by photographer Marco Mazzi. 606 $aMemorials, monuments$2bicssc 607 $aAlbania$xLithic history 607 $aAlbania$xPublic art 607 $aAlbania$xCultural history 610 $acommunism 610 $aAlbania 610 $apublic art 610 $amonumentality 610 $asocialism 610 $apolitical history 610 $aphotography 615 7$aMemorials, monuments 700 $aMazzi$b Marco$4edt$01309557 702 $aGerven Oei$b Vincent W. J. van$f1983- 702 $aMazzi$b Marco 801 2$bUkMaJRU 912 $a9910137164603321 996 $aLapidari 2$93386248 997 $aUNINA